Plane and Geodetic Surveying for Engineers: Higher Surveying [Vol. 2] (Record no. 189)
[ view plain ]
| 000 -LEADER | |
|---|---|
| fixed length control field | 00293 a2200109 4500 |
| 020 ## - INTERNATIONAL STANDARD BOOK NUMBER | |
| International Standard Book Number | 8123911734 |
| 082 ## - DEWEY DECIMAL CLASSIFICATION NUMBER | |
| Classification number | 526.9 CLA |
| 100 ## - MAIN ENTRY--PERSONAL NAME | |
| Personal name | Clark,David |
| 245 ## - TITLE STATEMENT | |
| Title | Plane and Geodetic Surveying for Engineers: Higher Surveying [Vol. 2] |
| Statement of responsibility, etc. | David Clark |
| 250 ## - EDITION STATEMENT | |
| Edition statement | 6th. ed |
| 300 ## - PHYSICAL DESCRIPTION | |
| Extent | 288p. : |
| Other physical details | ill, ; |
| Dimensions | 20 cm. |
| 650 ## - SUBJECT ADDED ENTRY--TOPICAL TERM | |
| Topical term or geographic name entry element | survey |
| Withdrawn status | Lost status | Damaged status | Not for loan | Permanent Location | Current Location | Shelving location | Date acquired | Total Checkouts | Full call number | Barcode | Date last seen | Date last checked out | Price effective from | Koha item type |
|---|---|---|---|---|---|---|---|---|---|---|---|---|---|---|
| Central Library (CL) | Central Library (CL) | 07/06/2021 | NIT-5013 | 07/06/2021 | 01/05/2017 | Book | ||||||||
| School of Civil and Environmental Engineering (SCEE) | School of Civil and Environmental Engineering (SCEE) | 1 | 526.9 CLA | NIT-5012 | 01/01/2020 | 10/23/2019 | 01/05/2017 | Book | ||||||
| School of Civil and Environmental Engineering (SCEE) | School of Civil and Environmental Engineering (SCEE) | NIT-5010 | 01/05/2017 | 01/05/2017 | Book | |||||||||
| School of Civil and Environmental Engineering (SCEE) | School of Civil and Environmental Engineering (SCEE) | NIT-5011 | 01/05/2017 | 01/05/2017 | Book | |||||||||
| School of Civil and Environmental Engineering (SCEE) | School of Civil and Environmental Engineering (SCEE) | NIT-5009 | 01/05/2017 | 01/05/2017 | Book |
